1998 Speedway Grand Prix Riders - Statistics

General Stats
  • This quiz has been taken 3 times
  • The average score is 23 of 33
Answer Stats
Nationality Answer Pts % Correct
United States Billy Hamill 62 Permanent
100%
United States Greg Hancock 69 Permanent
100%
Denmark Hans Nielsen 76 Permanent
100%
Sweden Henrik Gustafsson 43 Permanent
100%
Poland Jacek Gollob 4 Wild Card
100%
Australia Jason Crump 62 Permanent
100%
Australia Leigh Adams 51 Permanent
100%
Great Britain Mark Loram 52 Permanent
100%
Sweden Peter Karlsson 27 Wild Card
100%
Poland Tomasz Gollob 97 Permanent
100%
Sweden Tony Rickardsson 111 Permanent
100%
Czech Republic Antonín Kasper, Jr. 50 Wild Card
67%
Italy Armando Castagna 23 Permanent
67%
Denmark Brian Andersen 31 Permanent
67%
Great Britain Chris Louis 75 Permanent
67%
Australia Craig Boyce 18 Permanent
67%
Germany Gerd Riss 6 Wild Card
67%
Denmark Jesper B. Jensen 14 Permanent
67%
Sweden Jimmy Nilsen 99 Permanent
67%
Great Britain Joe Screen 5 Wild Card
67%
Norway Lars Gunnestad 5 Wild Card
67%
Poland Piotr Protasiewicz 16 Permanent
67%
Germany Robert Barth 2 Wild Card
67%
Poland Robert Dados 1 Wild Card
67%
Australia Ryan Sullivan 68 Permanent
67%
Great Britain Andy Smith 43 Permanent
33%
Czech Republic Bohumil Brhel 5 Wild Card
33%
Denmark Brian Karger 12 Wild Card
33%
Great Britain Martin Dugard 2 Wild Card
33%
Poland Sebastian Ułamek 10 Permanent
33%
Sweden Stefan Dannö 49 Permanent
33%
Hungary Zoltan Adorjan 21 Permanent
33%
Poland Jacek Krzyżaniak 3 Wild Card
0%
No matching quizzes found
Score Distribution
Percent of People with Each Score
Percentile by Number Answered
Your Score History
You have not taken this quiz